Influences of Truth-In-Sentencing Reforms on Changes in States' Sentencing Practices and Prison Populations, Final Report

Saved in:  
Bibliographic Details
Authors: Sabol, William J. (Author) ; Dubin, Glenn (Author) ; Kirk, David (Author) ; Kane, Kamala Mallik (Author) ; Rosich, Katherine (Author)
Format: Electronic Book
Language:English
Published: [Erscheinungsort nicht ermittelbar] Urban Institute [producer], United States Department of Justice, National Institute of Justice [distributor] 2002
In:Year: 2002
Online Access: Volltext (lizenzpflichtig)
Volltext (lizenzpflichtig)
Check availability: HBZ Gateway
Subito Delivery Service: Order now.

MARC

LEADER 00000cam a22000002c 4500
001 1912591561
003 DE-627
005 20250125055216.0
007 cr uuu---uuuuu
008 241217s2002 xx |||||o 00| ||eng c
035 |a (DE-627)1912591561 
035 |a (DE-599)KXP1912591561 
040 |a DE-627  |b ger  |c DE-627  |e rda 
041 |a eng 
084 |a 2,1  |2 ssgn 
100 1 |a Sabol, William J.  |e VerfasserIn  |4 aut 
109 |a Sabol, William J.  |a Sabol, William 
245 1 0 |a Influences of Truth-In-Sentencing Reforms on Changes in States' Sentencing Practices and Prison Populations, Final Report 
264 1 |a [Erscheinungsort nicht ermittelbar]  |b Urban Institute [producer], United States Department of Justice, National Institute of Justice [distributor]  |c 2002 
336 |a Text  |b txt  |2 rdacontent 
337 |a Computermedien  |b c  |2 rdamedia 
338 |a Online-Ressource  |b cr  |2 rdacarrier 
700 1 |a Dubin, Glenn  |e VerfasserIn  |4 aut 
700 1 |a Kirk, David  |e VerfasserIn  |4 aut 
700 1 |a Kane, Kamala Mallik  |e VerfasserIn  |4 aut 
700 1 |a Rosich, Katherine  |e VerfasserIn  |4 aut 
787 0 8 |i Forschungsdaten  |a Sabol, William J.  |t Sentencing Practices and Time Served in the District of Columbia Prior to Truth in Sentencing, 1993-1998  |d [Erscheinungsort nicht ermittelbar] : [Verlag nicht ermittelbar], 2002  |w (DE-627)1840059567 
856 4 0 |u https://www.ncjrs.gov/App/Publications/abstract.aspx?ID=195161  |x Verlag  |z lizenzpflichtig  |3 Volltext  |7 1 
856 4 0 |u http://www.ncjrs.gov/pdffiles1/nij/grants/195161.pdf  |q application/pdf  |x Verlag  |z lizenzpflichtig  |3 Volltext  |7 1 
935 |a mkri 
951 |a BO 
ELC |a 1 
LOK |0 000 xxxxxcx a22 zn 4500 
LOK |0 001 4637557062 
LOK |0 003 DE-627 
LOK |0 004 1912591561 
LOK |0 005 20241217044610 
LOK |0 008 241217||||||||||||||||ger||||||| 
LOK |0 035   |a (DE-2619)ICPSR26627 
LOK |0 040   |a DE-2619  |c DE-627  |d DE-2619 
LOK |0 092   |o n 
LOK |0 852   |a DE-2619 
LOK |0 852 1  |9 00 
LOK |0 935   |a nacp 
LOK |0 939   |a 17-12-24  |b l01 
ORI |a SA-MARC-krimdoka001.raw